Visió cosmopolita de Catalunya : Vol. 1, Relats de viatgers i escriptors (segles I aC-XIX) / Pere Balañà i Abadia Vol. 1, Relats de viatgers i escriptors (segles I aC-XIX) / Pere Balañà i Abadia
Publicado:
Barcelona :
Generalitat de Catalunya, Entitat Autònoma del Diari Oficial i de Publicacions ,
1991
Descripción Física:
288 p. ; 25 cm
MARC
| LEADER | 00000nam a2200000Ia 4500 | ||
|---|---|---|---|
| 001 | 9352 | ||
| 008 | 160829s1991 xx 000 0 cat d | ||
| 080 | |a H-1-120 | ||
| 100 | |a Balañà i Abadia, Pere |9 31603 | ||
| 245 | |a Visió cosmopolita de Catalunya : |b Vol. 1, Relats de viatgers i escriptors (segles I aC-XIX) / Pere Balañà i Abadia | ||
| 260 | |a Barcelona : |b Generalitat de Catalunya, Entitat Autònoma del Diari Oficial i de Publicacions, |c 1991 | ||
| 300 | |a 288 p. ; |c 25 cm | ||
| 650 | |a Catalunya |x Història |x Reculls d'escrits |9 31604 | ||
| 650 | |a Catalunya |x Opinió pública estrangera |9 31605 | ||
| 710 | 1 | |a Catalunya. |b Generalitat |9 12125 | |
| 901 | |a Arxiu | ||
| 942 | |n 1 | ||
| 952 | |0 0 |1 0 |4 0 |6 H1120 |7 1 |9 45691 |a Arxiu |b Arxiu |d 2016-12-01 |l 0 |o H-1-120 |p 9352 |r 2016-12-01 00:00:00 |w 2016-12-01 |y ARXIU | ||
| 999 | |c 49191 |d 49191 | ||